Výročná správa 2010 Národná banka Slovenska
Gespeichert in:
| Format: | Buch |
|---|---|
| Sprache: | Slowakisch |
| Veröffentlicht: |
Bratislava
Národná banka Slovenska
2011
|
| Schlagworte: | |
| Tags: |
Keine Tags, Fügen Sie das erste Tag hinzu!
|
MARC
| LEADER | 00000nam a2200000 4500 | ||
|---|---|---|---|
| 001 | 0132360 | ||
| 005 | 20240318130102.0 | ||
| 020 | |a 978-80-8043-165-5 | ||
| 041 | 0 | |a slo | |
| 044 | |a SK | ||
| 245 | 1 | 0 | |a Výročná správa 2010 |b Národná banka Slovenska |
| 264 | 1 | |a Bratislava |b Národná banka Slovenska |c 2011 | |
| 300 | |a 116 s. | ||
| 610 | 2 | 0 | |a banky |
| 610 | 2 | 0 | |a bankovníctvo |
| 610 | 2 | 0 | |a makroekonomika |
| 610 | 2 | 0 | |a politika menová |
| 610 | 2 | 0 | |a trh finančný |
| 610 | 2 | 0 | |a emisia |
| 610 | 2 | 0 | |a platby obchodné |
| 610 | 2 | 0 | |a údaje štatistické |
| 610 | 2 | 0 | |a výskum ekonomický |
| 610 | 2 | 0 | |a legislatíva |
| 610 | 2 | 0 | |a zdroje ľudské |
| 610 | 2 | 0 | |a komunikácia |
| 610 | 2 | 0 | |a audit |
| 610 | 2 | 0 | |a uzávierka účtovná |
| 610 | 2 | 0 | |a 2010 |